愛媛県の市町村(1968年) - Statistics

General Stats
  • This quiz has been taken 22 times
  • The average score is 31 of 72
Answer Stats
コード 市町村 備考 % Correct
38201 松山市
100%
38203 宇和島市
100%
38204 八幡浜市
100%
38202 今治市
92%
38205 新居浜市
92%
38206 西条市
92%
38207 大洲市
92%
38210 伊予市
92%
38208 川之江市 2004年消滅
83%
38209 伊予三島市 2004年消滅
83%
38211 北条市 2005年消滅
75%
38401 伊予郡松前町
50%
38402 伊予郡砥部町
50%
38321 周桑郡小松町 2004年消滅
42%
38381 上浮穴郡久万町 2004年消滅
42%
38405 伊予郡双海町 2005年消滅
42%
38442 西宇和郡伊方町
42%
38444 西宇和郡三崎町 2005年消滅
42%
38481 北宇和郡吉田町 2005年消滅
42%
38482 北宇和郡三間町 2005年消滅
42%
38484 北宇和郡松野町
42%
38503 南宇和郡城辺町 2004年消滅
42%
38301 宇摩郡新宮村 2004年消滅
33%
38302 宇摩郡土居町 2004年消滅
33%
38303 宇摩郡別子山村 2003年消滅
33%
38322 周桑郡壬生川町 1971年消滅
33%
38323 周桑郡丹原町 2004年消滅
33%
38324 周桑郡三芳町 1971年消滅
33%
38341 越智郡朝倉村 2005年消滅
33%
38342 越智郡玉川町 2005年消滅
33%
38343 越智郡波方町 2005年消滅
33%
38344 越智郡大西町 2005年消滅
33%
38345 越智郡菊間町 2005年消滅
33%
38346 越智郡吉海町 2005年消滅
33%
38347 越智郡宮窪町 2005年消滅
33%
38348 越智郡伯方町 2005年消滅
33%
38349 越智郡魚島村 2004年消滅
33%
38350 越智郡弓削町 2004年消滅
33%
38351 越智郡生名村 2004年消滅
33%
38352 越智郡岩城村 2004年消滅
33%
38353 越智郡上浦町 2005年消滅
33%
38354 越智郡大三島町 2005年消滅
33%
38355 越智郡関前村 2005年消滅
33%
38361 温泉郡重信町 2004年消滅
33%
38362 温泉郡川内町 2004年消滅
33%
38382 上浮穴郡面河村 2004年消滅
33%
38383 上浮穴郡美川村 2004年消滅
33%
38384 上浮穴郡柳谷村 2004年消滅
33%
38385 上浮穴郡小田町 2005年消滅
33%
38403 伊予郡広田村 2005年消滅
33%
38404 伊予郡中山町 2005年消滅
33%
38422 喜多郡内子町
33%
38423 喜多郡五十崎町 2005年消滅
33%
38424 喜多郡肱川町 2005年消滅
33%
38441 西宇和郡保内町 2005年消滅
33%
38443 西宇和郡瀬戸町 2005年消滅
33%
38445 西宇和郡三瓶町 2004年消滅
33%
38461 東宇和郡明浜町 2004年消滅
33%
38462 東宇和郡宇和町 2004年消滅
33%
38463 東宇和郡野村町 2004年消滅
33%
38464 東宇和郡城川町 2004年消滅
33%
38483 北宇和郡広見町 2005年消滅
33%
38485 北宇和郡日吉村 2005年消滅
33%
38486 北宇和郡津島町 2005年消滅
33%
38501 南宇和郡内海村 2004年消滅
33%
38502 南宇和郡御荘町 2004年消滅
33%
38504 南宇和郡一本松町 2004年消滅
33%
38505 南宇和郡西海町 2004年消滅
33%
38363 温泉郡中島町 2005年消滅
25%
38421 喜多郡長浜町 2005年消滅
25%
38425 喜多郡河辺村 2005年消滅
25%
38487 北宇和郡宇和海村 1974年消滅
25%
No matching quizzes found
Score Distribution
Percent of People with Each Score
Percentile by Number Answered
Your Score History
You have not taken this quiz